4-Letter Celebrity Names (A-Z) Quiz Stats

 Plays Quiz Updated Jan 21, 2013

Challenge
Share
Tweet
Score 0/24 Timer 05:00
0 Plays Today
% Correct
Brad PITT
95.5%
Elton JOHN
93.9%
Nicolas CAGE
93.2%
Jay LENO
91.9%
Cameron DIAZ
90.8%
Harrison FORD
89.2%
Chris ROCK
80.8%
Christian BALE
78.3%
Al GORE
75%
Helen HUNT
71.2%
Alan ALDA
63.2%
Sammy SOSA
60.5%
% Correct
Stephen KING
55%
William H. MACY
53.1%
Michael VICK
52.4%
Steve NASH
51.6%
Billy ZANE
47.7%
Kristen WIIG
45.1%
Daniel TOSH
43.1%
Clive OWEN
42.6%
Omar EPPS
42%
Eric IDLE
29.2%
Michael YORK
21.1%
Brendon URIE
5.3%

You're not logged in!

Compare scores with friends on all Sporcle quizzes.
Join for Free
OR
Log In

You Might Also Like...

Show Comments

Extras

Top Quizzes Today


Score Distribution

Your Account Isn't Verified!

In order to create a playlist on Sporcle, you need to verify the email address you used during registration. Go to your Sporcle Settings to finish the process.

Report this User

Report this user for behavior that violates our Community Guidelines.

Details: